Ohio State Basketball: Top 10 All-Time Leaders - Statistics

General Stats
  • This quiz has been taken 47 times
    15 since last reset
  • The average score is 9 of 92
Answer Stats
Category # Player Amount % Correct
Blocks 7 E.J. Liddell 143
54%
Assists 1 Aaron Craft 694
38%
Steals 1 Aaron Craft 337
38%
Games 2 Aaron Craft 148
38%
Three Pointers Made 4 Duane Washington Jr. 185
31%
Assists 9 Evan Turner 414
31%
Steals 7 Evan Turner 159
31%
Field Goal Percent 10 Jared Sullinger 53.0%
31%
Points T3 Jerry Lucas 1,990
31%
Rebounds 1 Jerry Lucas 1,411
31%
Field Goal Percent 1 Jerry Lucas 62.4%
31%
Points Per Game 2 Jerry Lucas 24.3
31%
Three Pointers Made 1 Jon Diebler 374
31%
Games 5 Jon Diebler 144
31%
Points 1 Dennis Hopson 2,096
23%
Steals 6 Dennis Hopson 164
23%
Blocks 6 Jim Smith 169
23%
Blocks 1 Ken Johnson 444
23%
Points 6 Michael Redd 1,879
23%
Points Per Game 7 Michael Redd 19.6
23%
Three Pointers Made 9 C.J. Jackson 152
15%
Points 9 Deshaun Thomas 1,628
15%
Points 7 Jim Jackson 1,785
15%
Points Per Game 9 Jim Jackson 19.2
15%
Blocks 10 Keita Bates-Diop 128
15%
Games 9 Kyle Young 135
15%
Three Pointers Made T7 Scoonie Penn 153
15%
Points T3 William Buford 1,990
15%
Three Pointers Made 3 William Buford 215
15%
Games 4 William Buford 145
15%
Blocks T4 Amir Williams 187
8%
Games T10 Amir Williams 134
8%
Steals 4 David Lighty 191
8%
Games 1 David Lighty 157
8%
Rebounds 4 Frank Howard 919
8%
Points 2 Herb Williams 2,011
8%
Rebounds 2 Herb Williams 1,111
8%
Blocks 2 Herb Williams 328
8%
Rebounds 9 Jae'Sean Tate 771
8%
Field Goal Percent 6 Jae'Sean Tate 55.2%
8%
Steals T8 Jamaal Brown 158
8%
Three Pointers Made 6 Kam Williams 172
8%
Blocks 9 Lawrence Funderburke 131
8%
Field Goal Percent 8 Lawrence Funderburke 54.1%
8%
Three Pointers Made 5 Marc Loving 176
8%
Games T10 Marc Loving 134
8%
Assists 6 Mark Baker 424
8%
Games 3 Sam Thompson 146
8%
Assists 3 Shannon Scott 528
8%
Steals 2 Shannon Scott 211
8%
Games 6 Shannon Scott 143
8%
Field Goal Percent 4 Terence Dials 55.8%
8%
Rebounds 6 Terrance Dials 876
8%
Points Per Game 3 Allan Hornyak 22.8
0%
Field Goal Percent 2 Bill Andreas 56.7%
0%
Rebounds 5 Bill Hosket 910
0%
Points Per Game 8 Bill Hosket 19.5
0%
Blocks T4 Brad Sellers 187
0%
Three Pointers Made T7 Brent Darby 153
0%
Rebounds 7 Clark Kellogg 872
0%
Assists 5 Curtis Wilson 475
0%
Blocks 3 Dallas Lauderdale 213
0%
Games 8 Dallas Lauderdale 138
0%
Points 10 Dave Sorenson 1,622
0%
Rebounds 10 Dave Sorenson 761
0%
Field Goal Percent 3 Dave Sorenson 56.3%
0%
Points Per Game 5 Dave Sorenson 21.1
0%
Field Goal Percent 9 Gary Bradds 53.5%
0%
Points Per Game 6 Gary Bradds 20.7
0%
Blocks 8 Granville Waiters 136
0%
Assists 2 Jamar Butler 579
0%
Three Pointers Made 2 Jamar Butler 242
0%
Games 7 Jamar Butler 139
0%
Points 8 Jay Burson 1,756
0%
Steals 3 Jay Burson 204
0%
Field Goal Percent 7 Jim Cleamons 54.2%
0%
Points Per Game 10 Jim Cleamons 18.5
0%
Points 5 Kelvin Ransey 1,934
0%
Assists 4 Kelvin Ransey 510
0%
Steals 5 Kelvin Ransey 169
0%
Assists 10 Larry Bolden 401
0%
Rebounds 8 Luke Witte 819
0%
Three Pointers Made T10 Neshaun Coleman 147
0%
Points Per Game 4 Paul Ebert 21.8
0%
Rebounds 3 Perry Carter 989
0%
Field Goal Percent 5 Perry Carter 55.6%
0%
Points Per Game 1 Robin Freeman 28.0
0%
Assists 8 Ron Stokes 419
0%
Steals T8 Ron Stokes 158
0%
Three Pointers Made T10 Sean Connolly 147
0%
Assists 7 Troy Taylor 421
0%
Steals 10 Troy Taylor 155
0%
No matching quizzes found
Score Distribution
Percent of People with Each Score
Percentile by Number Answered
Your Score History
You have not taken this quiz since the last reset